Name The State By The NFL Team - Statistics

General Stats
  • This quiz has been taken 19 times
  • The average score is 15 of 16
Answer Stats
Picture Answer % Correct
Washington
100%
California
94%
Louisiana
94%
Missouri
94%
Texas
94%
Wisconsin
94%
Colorado
88%
Florida
88%
Georgia
88%
Illinois
88%
Maryland
88%
Massachusetts
88%
Nevada
88%
New Jersey
88%
New York
88%
North Carolina
88%
No matching quizzes found
Score Distribution
Percent of People with Each Score
Percentile by Number Answered
Your Score History
You have not taken this quiz